| 000 | 00993nam a22003257a 4500 | ||
|---|---|---|---|
| 003 | CHAP | ||
| 005 | 20220817043405.0 | ||
| 008 | 971013s1984 r 00010 d | ||
| 010 | _a74175 | ||
| 011 | _a75147 | ||
| 035 | _a84707 | ||
| 040 | _cCHAP | ||
| 090 | _aFolleto 8861 | ||
| 110 | _aFAO | ||
| 245 | _aAlmacenamiento de granos a nivel rural | ||
| 260 |
_aRoma : _bFAO, _c1984 |
||
| 300 |
_a37 p. _b: ilus. |
||
| 490 |
_aFAO. TecnologĂa postcosecha _v; 1 |
||
| 590 |
_aBATCH-UPD _b10 _c20130110 _lUCH01 _h1204 |
||
| 590 |
_aBATCH-UPD _b10 _c20130410 _lUCH01 _h0746 |
||
| 590 |
_aBATCH-UPD _b10 _c20130914 _lUCH01 _h0914 |
||
| 590 |
_aCONVERSION _b10 _c20130109 _lUCH01 _h1341 |
||
| 650 | 1 | 4 |
_aCereales _xAlmacenamiento. _921373 |
| 650 | 1 | 4 |
_aCereales _xPlagas. _921450 |
| 830 | 0 |
_aFAO. TecnologĂa postcosecha _v; 1 _939703 |
|
| 901 | _aBK | ||
| 942 | _cFOLL | ||
| 949 |
_aFolleto 8861 _bBC _cFAO _d-40182 _eFAO1 _i84707 _mD _si |
||
| 949 |
_aFolleto 8861 _bBC _cFAO _d-59017 _eFAO2 _fc.2 _i84707 _si |
||
| 999 |
_c74175 _d74175 |
||